[Event "5. Torneo - Grand Prix 2008-2009-Jermuk"]
[Site "Jermuk ARM"]
[Date "2009.08.17"]
[Round "8.4"]
[White "Inarkiev, Ernesto"]
[Black "Eljanov, Pavel"]
[Result "1/2-1/2"]
[WhiteElo "2675"]
[BlackElo "2716"]
[PlyCount "30"]
[EventDate "2009.08.09"]
[EventType "tourn"]
[EventRounds "13"]
[EventCountry "ARM"]
[EventCategory "19"]
[Source "lmi"]
[SourceDate "2009.08.09"]

1. e4 e5 2. Nf3 Nc6 3. Bb5 Nf6 4. d3 Bc5 5. Nc3 O-O 6. O-O Nd4 7. Nxd4 Bxd4 8.
Qf3 c6 9. Bc4 d6 10. h3 Bxc3 11. bxc3 h6 12. Qg3 Nh5 13. Qf3 Nf6 14. Qg3 Nh5
15. Qf3 Nf6 1/2-1/2

[Event "5. Torneo - Grand Prix 2008-2009-Jermuk"]
[Site "Jermuk ARM"]
[Date "2009.08.20"]
[Round "10.5"]
[White "Alekseev, Evgeny"]
[Black "Eljanov, Pavel"]
[Result "1-0"]
[WhiteElo "2714"]
[BlackElo "2716"]
[PlyCount "61"]
[EventDate "2009.08.09"]
[EventType "tourn"]
[EventRounds "13"]
[EventCountry "ARM"]
[EventCategory "19"]
[Source "lmi"]
[SourceDate "2009.08.09"]

1. e4 e5 2. Nf3 Nc6 3. Bb5 Nf6 4. O-O Nxe4 5. d4 Nd6 6. Bxc6 dxc6 7. dxe5 Nf5
8. Qxd8+ Kxd8 9. Nc3 Bd7 10. h3 h6 11. b3 Kc8 12. Bb2 Ne7 13. Rad1 c5 14. Rd2
b6 15. Ne2 Ng6 16. c4 Bc6 17. Ne1 Kb7 18. f4 Re8 19. Nf3 Ne7 20. Ng3 b5 21.
cxb5 Bxb5 22. Rc1 Ng6 23. Nh5 Bc6 24. Kf2 Kb6 25. Ba3 Be4 26. Rc4 Bb7 27. Rdc2
f6 28. Nxg7 Rc8 29. exf6 Bd5 30. f5 Bxc4 31. Rxc4 1-0

[Event "5. Torneo - Grand Prix 2008-2009-Jermuk"]
[Site "Jermuk ARM"]
[Date "2009.08.20"]
[Round "10.6"]
[White "Cheparinov, Ivan"]
[Black "Gelfand, Boris"]
[Result "0-1"]
[WhiteElo "2678"]
[BlackElo "2755"]
[PlyCount "90"]
[EventDate "2009.08.09"]
[EventType "tourn"]
[EventRounds "13"]
[EventCountry "ARM"]
[EventCategory "19"]
[Source "lmi"]
[SourceDate "2009.08.09"]

1. d4 d5 2. c4 c6 3. Nf3 Nf6 4. Nc3 e6 5. e3 Nbd7 6. Bd3 dxc4 7. Bxc4 b5 8. Bd3
Bb7 9. a3 b4 10. Ne4 Nxe4 11. Bxe4 bxa3 12. O-O Bd6 13. b3 Nf6 14. Nd2 Nxe4 15.
Nxe4 Bxh2+ 16. Kxh2 Qh4+ 17. Kg1 Qxe4 18. f3 Qg6 19. Qd2 Ba6 20. Rf2 O-O 21.
Bxa3 Rfe8 22. Bd6 Bb5 23. e4 Rad8 24. Qf4 Rd7 25. Rd1 f6 26. e5 Red8 27. Rfd2
Qg5 28. Qxg5 fxg5 29. Kf2 Kf7 30. Ke3 Kg6 31. Ra2 h5 32. Rda1 a6 33. Bc5 Rf7
34. b4 Ra8 35. Rc1 h4 36. Rh1 Bc4 37. Ra3 Bd5 38. Ke2 Rf4 39. Rh3 g4 40. fxg4
Bc4+ 41. Ke3 Rxg4 42. Kf2 Kh5 43. g3 g5 44. Rh1 Rg8 45. Rc1 Bd5 0-1

[Event "5. Torneo - Grand Prix 2008-2009-Jermuk"]
[Site "Jermuk ARM"]
[Date "2009.08.20"]
[Round "10.7"]
[White "Kamsky, Gata"]
[Black "Kasimdzhanov, Rustam"]
[Result "1/2-1/2"]
[WhiteElo "2717"]
[BlackElo "2672"]
[PlyCount "138"]
[EventDate "2009.08.09"]
[EventType "tourn"]
[EventRounds "13"]
[EventCountry "ARM"]
[EventCategory "19"]
[Source "lmi"]
[SourceDate "2009.08.09"]

1. e4 e5 2. Nf3 Nf6 3. Nxe5 d6 4. Nf3 Nxe4 5. Nc3 Nxc3 6. dxc3 Be7 7. Be3 Nc6
8. Qd5 Bf6 9. O-O-O Ne7 10. Qh5 O-O 11. Ng5 Bf5 12. Bd3 Bxg5 13. Bxg5 Bxd3 14.
Rxd3 f6 15. Bd2 Qe8 16. Qh3 Qf7 17. b3 Rae8 18. Re1 Ng6 19. Rde3 Re5 20. g3 d5
21. f4 Rxe3 22. Rxe3 Re8 23. Qf5 c6 24. Qd3 a6 25. a4 Rxe3 26. Bxe3 Nf8 27. Qd4
Qe6 28. Qa7 Qc8 29. Kb2 h5 30. Bc5 Ne6 31. Bd6 Kf7 32. h3 g6 33. g4 hxg4 34.
hxg4 Ng7 35. a5 f5 36. g5 Nh5 37. Be5 Ng3 38. Qd4 Qe6 39. Qf2 Nh5 40. Qb6 Qd7
41. Qd4 Qe6 42. Qb4 Qe7 43. Bd6 Qd7 44. c4 dxc4 45. Qxc4+ Qe6 46. Qb4 Qd7 47.
Qd4 Kg8 48. Qc4+ Qf7 49. Qc5 Qd7 50. Be5 Kf7 51. Qe3 Qe7 52. Qd4 Ke8 53. Qa7
Kf7 54. Qb8 Ke6 55. Bc7 Qd7 56. Bb6 Qg7+ 57. c3 Kd5 58. Qe8 Nxf4 59. Bd4 Qc7
60. Qe3 c5 61. c4+ Kc6 62. Qf3+ Kd7 63. Bf6 Ke8 64. Qh1 Ne6 65. Qh8+ Nf8 66.
Bg7 Qf7 67. Kc2 f4 68. Bxf8 Qxf8 69. Qxf8+ Kxf8 1/2-1/2